Normal view
MARC view
- Periodicals
Entry Genre/Form Term
001 - CONTROL NUMBER
- control field: 95265
003 - CONTROL NUMBER IDENTIFIER
- control field: NUST
005 - DATE AND TIME OF LATEST TRANSACTION
- control field: 20220726150045.0
008 - FIXED-LENGTH DATA ELEMENTS
- fixed length control field: 220726|| aca||aabn | a|a d
040 ## - CATALOGING SOURCE
- Original cataloging agency: NUST
- Transcribing agency: NUST
155 ## - HEADING--GENRE/FORM TERM
- Genre/form term: Periodicals
670 ## - SOURCE DATA FOUND
- Source citation: Work cat.: (NUST)0: Barron's practice exercises for the TOEFL, test of English as a foreign language., 2015
